LEADER 01192nam0-22002891i-450 001 990001695860403321 005 20190529131320.0 035 $a000169586 035 $aFED01000169586 035 $a(Aleph)000169586FED01 035 $a000169586 100 $a20030910d1947----km-y0itay50------ba 101 0 $aita 200 1 $aBiometria e composizione chimica delle ghiande di alcune querce Quercus robur L. sessiliflora (Salisb.), Q. Robur L. Pedunculata (Ehrh.), Q. Cerris L., Q. Ilex L. impiegate nell'alimentazione dei suini nella campagna romana$fE. Petrucci 210 $aRoma$c...$d1947 215 $ap. 343-358$d24 cm 300 $aEstr. da: Annali della sperimentazione agraria, 1(2),1947. 610 0 $aQuercus 676 $a634.972 1 700 1$aPetrucci,$bE.$0354643 801 0$aIT$bUNINA$gRICA$2UNIMARC 901 $aLG 912 $a990001695860403321 952 $a60 OP. 43/55$b34386$fFAGBC 959 $aFAGBC 996 $aBiometria e composizione chimica delle ghiande di alcune querce Quercus robur L. sessiliflora (Salisb.), Q. Robur L. Pedunculata (Ehrh.), Q. Cerris L., Q. Ilex L. impiegate nell'alimentazione dei suini nella campagna romana$9361110 997 $aUNINA LEADER 01040nas 2200373 a 450 001 996218109103316 005 20240413015820.0 011 $a1879-2596 035 $a(OCoLC)38492180 035 $a(CKB)954925482648 035 $a(CONSER) 2003233271 035 $a(DE-599)ZDB2209512-3 035 $a(EXLCZ)99954925482648 100 $a19980223a19829999 sy a 101 0 $aeng 135 $aurmnu||||| 181 $ctxt$2rdacontent 182 $cc$2rdamedia 183 $acr$2rdacarrier 200 10$aBiochimica et biophysica acta$iMolecular cell research 210 $a[New York, NY] $cElsevier 300 $aRefereed/Peer-reviewed 311 $a0167-4889 606 $aCytology$xResearch$vPeriodicals 606 $aMolecular biology$vPeriodicals 606 $aCytology$vPeriodicals 608 $aPeriodicals. 615 0$aCytology$xResearch 615 0$aMolecular biology 615 0$aCytology 906 $aJOURNAL 912 $a996218109103316 996 $aBiochimica et biophysica acta$9799257 997 $aUNISA